| 000 | 01021nam a2200265Ia 4500 | ||
|---|---|---|---|
| 003 | OSt | ||
| 005 | 20221005110420.0 | ||
| 006 | a|||||r|||| 00| 0 | ||
| 007 | ta | ||
| 008 | 221004b |||||||| |||| 00| 0 hin d | ||
| 020 |
_a9789380146867 (hbk) _c335 |
||
| 024 | _a105723 | ||
| 037 |
_b1466, 17/03/2011, Kiran Book Service _cTextual |
||
| 040 |
_aCRL _cCRL _bhin |
||
| 041 |
_2hin _ahin |
||
| 082 | _aO152,3NMU1, Q0 | ||
| 100 | _aमुद्गल, चित्रा | ||
| 245 | 0 |
_aमेरे साक्षात्कार _b चित्रा मुद्गल |
|
| 246 | _aMere sākṣhātkāra: chitrā mudgala | ||
| 260 |
_aनई दिल्ली _bकिताबघर प्रकाशन भारत _c2010 |
||
| 300 |
_a222पृ0 _ccm. |
||
| 490 | _aमेरे साक्षात्कार सीरीज़ | ||
| 942 |
_hO152,3NMU1, Q0 _cTEXL _2cc |
||
| 999 |
_c1018734 _d1018734 |
||